[Event "Challenge"]
[Site "http://www.queenalice.com/game.php?id=1435465"]
[Date "2016.8.9"]
[Round "-"]
[White "tariann"]
[Black "K35"]
[Result "0-1"]
[WhiteElo "2206"]
[BlackElo "1500"]

1. e4 c5 2. Nf3 d6 3. d4 cxd4 4. Nxd4 Nf6 5. Nc3 a6 6. Be2 e5 7. Nb3 Be7 8. O-O
O-O 9. Bg5 Be6 10. Qd2 Nbd7 11. Rad1 b5 12. Bf3 Qc7 13. h3 h6 14. Bh4 Rfc8 15.
Rc1 Nb6 16. Nd5 Nfxd5 17. exd5 Nc4 18. Qc3 Bf5 19. Bxe7 Qxe7 20. Na5 Nxa5 21.
Qxa5 Qg5 22. Qb6 e4 23. Bg4 Bxg4 24. hxg4 Qxd5 25. Rcd1 Qxa2 26. Qxd6 Qxb2 27.
Qe7 Re8 28. Qc7 Rac8 0-1

[Event "Challenge"]
[Site "http://www.queenalice.com/game.php?id=1435467"]
[Date "2016.8.9"]
[Round "-"]
[White "lelinho"]
[Black "K35"]
[Result "1-0"]
[WhiteElo "2147"]
[BlackElo "1645"]

1. d4 Nf6 2. c4 g6 3. Nc3 Bg7 4. e4 d6 5. Nf3 O-O 6. Be2 e5 7. d5 a5 8. b3 Nh5
9. O-O Nf4 10. Be3 Na6 11. a3 f5 12. Rc1 Nxe2+ 13. Qxe2 f4 14. Bd2 g5 15. Na4 g4
16. Ne1 Bd7 17. Nc3 Nc5 18. b4 axb4 19. axb4 Nb3 20. Rb1 f3 21. Qe3 fxg2 22.
Nxg2 Nd4 23. Ne1 Rf3 24. Nxf3 Nxf3+ 25. Kg2 Qh4 26. Rh1 1-0

[Event "Challenge"]
[Site "http://www.queenalice.com/game.php?id=1435470"]
[Date "2016.8.9"]
[Round "-"]
[White "jizaias"]
[Black "K35"]
[Result "0-1"]
[WhiteElo "2318"]
[BlackElo "1500"]

1. d4 Nf6 2. Nc3 d5 3. Bg5 Nbd7 4. Nf3 g6 5. e3 Bg7 6. Be2 O-O 7. O-O c6 8. Bf4
b6 9. Qd3 Nh5 10. Bg5 h6 11. Bh4 g5 12. Nxg5 hxg5 13. Bxg5 Ndf6 14. Bh4 Qd7 15.
Qd1 Qf5 16. h3 Qg6 17. Kh2 Bh8 18. Bxh5 Nxh5 19. Bxe7 Re8 20. Bh4 Nf6 21. Re1
Bg7 22. Bg3 Bf5 23. Rc1 Rac8 24. Be5 Rxe5 25. dxe5 Ne4 26. Nxe4 Bxe4 27. g3 Bxe5
28. c3 Kg7 29. Qe2 Rh8 30. Qf1 Qg4 31. f4 Bf6 32. Red1 Bf5 33. h4 Bxh4 0-1

[Event "Challenge"]
[Site "http://www.queenalice.com/game.php?id=1435730"]
[Date "2016.8.11"]
[Round "-"]
[White "josekasparov"]
[Black "K35"]
[Result "1-0"]
[WhiteElo "2434"]
[BlackElo "1645"]

1. e4 c5 2. Nf3 d6 3. d4 cxd4 4. Qxd4 Nc6 5. Bb5 Bd7 6. Bxc6 Bxc6 7. Nc3 Nf6 8.
Bg5 e6 9. O-O-O Be7 10. Rhe1 O-O 11. Qd2 h6 12. Bxf6 Bxf6 13. Nd4 Qb6 14. Kb1
Rac8 15. Qe3 Qc5 16. f4 Rfd8 17. g3 b5 18. Nxc6 Qxc6 19. e5 dxe5 20. fxe5 Rxd1+
21. Rxd1 Bxe5 22. Qxe5 b4 23. Qe4 bxc3 24. Qxc6 Rxc6 25. Rd8+ Kh7 26. Rd7 f5 27.
Rxa7 cxb2 28. a4 Kg6 29. a5 e5 30. Rb7 f4 31. gxf4 exf4 32. Rb6 Rf6 33. Rxf6+
gxf6 34. a6 f3 35. a7 f2 36. a8=Q f1=Q+ 37. Kxb2 Qb5+ 38. Kc3 Qe5+ 39. Kd3 Qd6+
40. Ke3 1-0

[Event "AUTO-OPEN-3692"]
[Site "http://www.queenalice.com/game.php?id=1436200"]
[Date "2016.8.14"]
[Round "1"]
[White "bouley"]
[Black "K35"]
[Result "0-1"]
[WhiteElo "2070"]
[BlackElo "1645"]

1. e4 c5 2. Nf3 d6 3. Bc4 Nc6 4. c3 g6 5. b4 Nf6 6. Ng5 e6 7. d4 cxd4 8. cxd4 h6
9. Nf3 Bg7 10. Nc3 O-O 11. O-O Nxb4 12. Qb3 Nc6 13. a4 Nxe4 14. Nxe4 d5 15. Bxd5
exd5 16. Ng3 Bg4 17. Qxb7 Na5 0-1

[Event "AUTO-OPEN-3692"]
[Site "http://www.queenalice.com/game.php?id=1436201"]
[Date "2016.8.14"]
[Round "1"]
[White "K35"]
[Black "bouley"]
[Result "1-0"]
[WhiteElo "1645"]
[BlackElo "2070"]

1. c4 e5 2. Nc3 Nc6 3. g3 Nf6 4. Bg2 Bc5 5. e3 Nb4 6. d3 O-O 7. a3 Nc6 8. b4 Be7
9. Nge2 d6 10. O-O Bf5 11. Bb2 Rb8 12. b5 Na5 13. f4 Ng4 14. Bc1 c6 15. fxe5
dxe5 16. Rxf5 Bc5 17. d4 Be7 18. h3 1-0

[Event "Challenge"]
[Site "http://www.queenalice.com/game.php?id=1437186"]
[Date "2016.8.22"]
[Round "-"]
[White "fortunato"]
[Black "K35"]
[Result "1-0"]
[WhiteElo "2260"]
[BlackElo "1645"]

1. e4 c5 2. Nf3 d6 3. Bc4 Nc6 4. O-O Nf6 5. Nc3 Bg4 6. h3 Bh5 7. Re1 e6 8. g4
Bg6 9. d4 cxd4 10. Nxd4 a6 11. Nxc6 bxc6 12. f4 d5 13. exd5 Bc5+ 14. Be3 Bxe3+
15. Rxe3 cxd5 16. Bxd5 Qb6 17. Qf3 Rc8 18. Na4 Qa7 19. Bc6+ Kf8 20. Re1 Bxc2 21.
b3 h5 22. g5 Ng8 23. Kg2 1-0

[Event "Challenge"]
[Site "http://www.queenalice.com/game.php?id=1437187"]
[Date "2016.8.22"]
[Round "-"]
[White "clovis"]
[Black "K35"]
[Result "0-1"]
[WhiteElo "2126"]
[BlackElo "1645"]

1. e4 c5 2. Nf3 d6 3. d4 cxd4 4. Qxd4 Nc6 5. Bb5 Bd7 6. Qd3 Nf6 7. Nc3 g6 8. O-O
Bg7 9. Bg5 O-O 10. Rad1 Qa5 11. e5 Nxe5 12. Nxe5 Bxb5 13. Qxb5 Qxb5 14. Nxb5
dxe5 15. Bxf6 Bxf6 16. Rd7 Rfd8 17. Rxb7 Rdb8 18. Rxb8+ Rxb8 19. c4 a6 20. a4
axb5 21. cxb5 Kf8 22. Rc1 e4 23. Rc6 Bxb2 24. b6 Ke8 25. a5 Kd7 26. Rc7+ Kd6 27.
Ra7 Bd4 0-1

[Event "Challenge"]
[Site "http://www.queenalice.com/game.php?id=1437189"]
[Date "2016.8.22"]
[Round "-"]
[White "Islander"]
[Black "K35"]
[Result "1-0"]
[WhiteElo "2254"]
[BlackElo "1645"]

1. e4 c5 2. Nc3 d6 3. f4 g6 4. Nf3 Bg7 5. Bc4 Nc6 6. O-O e6 7. d3 Nge7 8. Qe1
O-O 9. f5 exf5 10. Qh4 Qb6 11. Rb1 fxe4 12. Ng5 h5 13. Rxf7 Rxf7 14. Bxf7+ Kf8
15. Nd5 Bd4+ 16. Kh1 Nxd5 17. Bxd5 1-0

[Event "Challenge"]
[Site "http://www.queenalice.com/game.php?id=1437368"]
[Date "2016.8.23"]
[Round "-"]
[White "jbinow"]
[Black "K35"]
[Result "1-0"]
[WhiteElo "2230"]
[BlackElo "1645"]

1. e4 c5 2. Nf3 d6 3. d4 cxd4 4. Nxd4 Nf6 5. Nc3 a6 6. Bc4 e6 7. Bb3 Nc6 8. Be3
Be7 9. O-O O-O 10. Nxc6 bxc6 11. f4 Qc7 12. Qf3 e5 13. f5 Bb7 14. Rad1 Rab8 15.
g4 h6 16. h4 Nh7 17. g5 hxg5 18. hxg5 Bxg5 19. Bxg5 Nxg5 20. Qh5 Nh7 21. f6 Qd8
22. fxg7 Kxg7 23. Rd2 Kh8 24. Rh2 Rg8+ 25. Kh1 1-0

[Event "Challenge"]
[Site "http://www.queenalice.com/game.php?id=1437369"]
[Date "2016.8.23"]
[Round "-"]
[White "lfcanales"]
[Black "K35"]
[Result "0-1"]
[WhiteElo "2091"]
[BlackElo "1500"]

1. e4 c5 2. e5 Nc6 3. f4 d5 4. Bb5 Bd7 5. c4 Nb4 6. Bxd7+ Qxd7 7. d3 dxc4 8.
dxc4 Nd3+ 9. Kf1 O-O-O 10. Nf3 Nh6 11. a3 Ng4 12. Nc3 Ngf2 0-1

[Event "Challenge"]
[Site "http://www.queenalice.com/game.php?id=1437372"]
[Date "2016.8.23"]
[Round "-"]
[White "colognestar"]
[Black "K35"]
[Result "1-0"]
[WhiteElo "2234"]
[BlackElo "1645"]

1. b4 e5 2. Bb2 Bxb4 3. Bxe5 Nf6 4. c4 Nc6 5. Bb2 O-O 6. Nf3 d5 7. cxd5 Nxd5 8.
e3 Re8 9. Be2 Bg4 10. O-O Qe7 11. h3 Bh5 12. a3 Bd6 13. Qb3 Nb6 14. Nc3 Na5 15.
Qa2 Bxf3 16. Bxf3 Qe5 17. g3 Qf5 18. Bg2 Nac4 19. e4 1-0

[Event "Challenge"]
[Site "http://www.queenalice.com/game.php?id=1437382"]
[Date "2016.8.23"]
[Round "-"]
[White "K35"]
[Black "jizaias"]
[Result "1-0"]
[WhiteElo "1645"]
[BlackElo "2330"]

1. c4 e5 2. Nc3 Bb4 3. Nd5 c6 4. Nxb4 a5 5. Nc2 d5 6. d4 dxc4 7. e4 Nf6 8. Bxc4
Nxe4 9. Bd3 Nxf2 10. Kxf2 exd4 11. Qh5 Qf6+ 12. Nf3 g6 13. Re1+ Be6 14. Qh6 Rf8
15. Bg5 Qh8 16. Ncxd4 Kd7 17. Bf6 Qg8 18. Bc4 Bxc4 19. Re7+ Kc8 20. Qf4 1-0

[Event "Challenge"]
[Site "http://www.queenalice.com/game.php?id=1437397"]
[Date "2016.8.23"]
[Round "-"]
[White "adrb"]
[Black "K35"]
[Result "1-0"]
[WhiteElo "2218"]
[BlackElo "1645"]

1. d4 Nf6 2. c4 g6 3. Nc3 Bg7 4. e4 d6 5. Nf3 O-O 6. Be2 Nc6 7. O-O e5 8. d5 Ne7
9. Bg5 h6 10. Bxf6 Bxf6 11. Rc1 Bg7 12. Re1 f5 13. exf5 gxf5 14. Kh1 Ng6 15. g3
Kh7 16. Qc2 e4 17. Ng1 Rg8 18. Bf1 Ne5 19. Nh3 Bd7 20. a4 1-0